Libro de la fiesta de moros y cristianos de Alcoy / (Record no. 45639)

MARC details
000 -LEADER
campo de control de longitud fija 00970nam a2200253 i 4500
001 - NÚMERO DE CONTROL
campo de control 45639
003 - IDENTIFICADOR DE NÚMERO DE CONTROL
campo de control ES-MaACL
005 - FECHA Y HORA DE LA ÚLTIMA TRANSACCIÓN
campo de control 20250822063117.0
007 - CAMPO FIJO DE DESCRIPCIÓN FÍSICA--INFORMACIÓN GENERAL
campo de control de longitud fija t|
008 - DATOS DE LONGITUD FIJA--INFORMACIÓN GENERAL
campo de control de longitud fija 030326s1962 sp a |||| | spa d
080 ## - NÚMERO DE LA CLASIFICACIÓN DECIMAL UNIVERSAL
Número de la Clasificación Decimal Universal 394.46(460.315 Alcoy)
100 1# - ENTRADA PRINCIPAL--NOMBRE DE PERSONA
Nombre de persona Coloma Payá, Rafael
9 (RLIN) 156348
245 10 - MENCIÓN DEL TÍTULO
Título Libro de la fiesta de moros y cristianos de Alcoy /
Mención de responsabilidad, etc. Rafael Coloma.
260 ## - PUBLICACIÓN, DISTRIBUCIÓN, ETC.
Lugar de publicación, distribución, etc. Alcoy :
Nombre del editor, distribuidor, etc. [s.n.],
Fecha de publicación, distribución, etc. 1962 (
Fabricante Imp. Moderna)
300 ## - DESCRIPCIÓN FÍSICA
Extensión 287 p. :
Otras características físicas il. ;
Dimensiones 19 cm.
490 1# - MENCIÓN DE SERIE
Mención de serie Edición del Instituto Alcoyano de Cultura "Andrés Sempere" ;
Designación de volumen o secuencia XIII
504 ## - NOTA DE BIBLIOGRAFÍA, ETC.
Nota de bibliografía, etc. Bibliografía: p. 279-287.
586 ## - NOTA DE PREMIOS
Nota de premios En port.: Premio del Instituto Alcoyano de Cultura "Andrés Sempere", 1961
650 #4 - PUNTO DE ACCESO ADICIONAL DE MATERIA--TÉRMINO DE MATERIA
Término de materia o nombre geográfico como elemento de entrada Moros y cristianos (Fiesta)
9 (RLIN) 15198
710 2# - ENTRADA AGREGADA--NOMBRE DE ENTIDAD CORPORATIVA
Nombre de entidad corporativa o nombre de jurisdicción como elemento de entrada Instituto Alcoyano de Cultura "Andrés Sempere"
9 (RLIN) 4790
830 0# - PUNTO DE ACCESO ADICIONAL DE SERIE-TÍTULO UNIFORME
Título uniforme Edición del Instituto Alcoyano de Cultura "Andrés Sempere" ;
Designación de volumen o secuencia XIII
9 (RLIN) 229943
852 ## - LOCALIZACIÓN
Ubicación ES-MaACL
Número de control de estantería C-21441
Holdings
Estatus retirado Estado de pérdida Estado de daño No para préstamo Biblioteca de origen Biblioteca actual Ubicación en estantería Fecha de adquisición Fuente de adquisición Total de préstamos Signatura topográfica completa Código de barras Visto por última vez Precio de reemplazo Tipo de ítem Koha
        Biblioteca del Ateneo de Madrid Biblioteca del Ateneo de Madrid Galería 17/01/2008     C-21441 1048016 23/02/2023 23/02/2023 Libro impreso